Statistics for Least Corrupt Countries In The Americas

Click here to take the quiz!

General Stats

  • This quiz has been taken 35 times
  • The average score is 12 of 15

Answer Stats

IndexCountryRank% Correct
74Canada13th
100%
67United States27th
97%
67Chile27th
88%
64Bahamas30th
85%
65Barbados29th
82%
58Costa Rica39th
82%
46Cuba64th
82%
73Uruguay18th
82%
56Saint Lucia42th
79%
55Dominica45th
76%
44Jamaica70th
76%
59Saint Vincent and the Grenadines36th
73%
39Guyana87th
70%
41Trinidad and Tobago82th
67%
53Grenada52th
64%

Score Distribution

Percentile by Number Answered

Percent of People with Each Score

Your Score History

You have not taken this quiz